Η θερμική επεξεργασία απορριμμάτων και RDF
Αποθηκεύτηκε σε:
| Κύριος συγγραφέας: | |
|---|---|
| Μορφή: | Βιβλίο |
| Γλώσσα: | Greek |
| Δημοσίευση: |
Αθήνα :
Κόσμος,
1997
|
| Θέματα: | |
| Ετικέτες: |
Προσθήκη ετικέτας
Δεν υπάρχουν, Καταχωρήστε ετικέτα πρώτοι!
|
MARC
| LEADER | 00000cam a2200000 i 4500 | ||
|---|---|---|---|
| 001 | 1/83406 | ||
| 008 | 990602s1997 gre d | ||
| 020 | |a 960-85905-1-5 | ||
| 035 | |l 10051339 | ||
| 040 | |a GR-MY-UA |b gre |e aacr | ||
| 041 | 0 | |a gre | |
| 082 | 0 | |a 628.44 | |
| 100 | 1 | |a Σκορδίλης, Αδαμάντιος Δ. | |
| 245 | 1 | 2 | |a Η θερμική επεξεργασία απορριμμάτων και RDF / |c Αδαμάντιου Δ. Σκορδίλη |
| 260 | |a Αθήνα : |b Κόσμος, |c 1997 | ||
| 300 | |a 376 σ. | ||
| 504 | |a Περιέχει ευρετήριο | ||
| 650 | 0 | 0 | |a Refuse and refuse disposal |x Recycling. |
| 650 | 0 | 0 | |a Refuse disposal facilities. |
| 852 | |a INST |b LESVOS |e 19990602 |h 628.44 ΣΚΟ |p 005100016017 |q 005100016017 |t BK |y 0 | ||
| 909 | |a Λ |b 065964 | ||
| 970 | |z 2000/08/ELIDOC | ||